| 000 | 01022cam a22003373a 4500 | ||
|---|---|---|---|
| 001 | 9685 | ||
| 003 | PGUSA | ||
| 005 | 20140828083215.0 | ||
| 008 | 060101s2006||||xxu|||||s|||||000 1 eng d | ||
| 040 |
_aPGUSA _beng |
||
| 042 | _adc | ||
| 050 | 4 | _aPR | |
| 100 | 1 |
_aDefoe, Daniel, _d-1731 |
|
| 245 | 1 | 0 |
_aMoll Flanders _h[electronic resource] / _cDaniel Defoe |
| 260 |
_bProject Gutenberg, _c2006 |
||
| 506 | _aCopyrighted. Read the copyright notice inside this book for details. | ||
| 516 | _aElectronic text | ||
| 653 | _aChildren of prisoners -- Fiction | ||
| 653 | _aLondon (England) -- Fiction | ||
| 653 | _aProstitutes -- Fiction | ||
| 653 | _aBritish -- Virginia -- Fiction | ||
| 653 | _aRepentance -- Fiction | ||
| 653 | _aCriminals -- Fiction | ||
| 653 | _aPicaresque literature | ||
| 653 | _aWomen -- England -- Fiction | ||
| 653 | _aVirginia -- Fiction | ||
| 653 | _aAdventure stories | ||
| 830 | 0 |
_aProject Gutenberg _v9685 |
|
| 856 | 4 | 0 | _uhttp://www.gutenberg.org/ebooks/9685 |
| 942 | _cAB | ||
| 999 |
_c238941 _d238941 |
||